LEADER 01186nam a2200277 i 4500 001 000000165903 003 CaOOAMICUS 005 20071204000000.0 008 071204s2206 it u000 u ita u 013 $a143271 020 $a88-311-2669-5 040 $aSeMil$bita 245 12$aL'innocenza tradita :$bpedofilia: il punto sulla questione /$cSalvino Leone (ed.) 260 $aRoma :$bCittà Nuova,$ccopyr. 2006. 300 $a136 p. ;$c21 cm. 490 0 $aItinerari etici ;$v2 500 $aIn calce al front. : Associazione teologica italiana per lo studio della morale. 650 4$aPedofilia.$0(OLS)http://semarc/subject/31485 700 1 $aLeone, Salvino,$d<1954- >.$0(OLS)http://semarc/name/19970 830 0$aItinerari etici ;$v2.$0(OLS)http://semarc/title/24856 850 $aSeMil 852 $aSeMil$W1$xVenegono$y1$m2E II 439$j117074$B117074$CSeMilBibl$Z2$F129907 $81 961 $aAcquisto: Città Nuova (Agente) 996 $6020$a88-311-2669-5$9(OLS)http://semarc/number/152324 996 $6245$aL'innocenza tradita :$bpedofilia: il punto sulla questione$9(OLS)http://semarc/title/236920 996 $6260$aRoma :$bCittà Nuova$9(OLS)http://semarc/publisher/29609 LEADER 01106nam a2200277 4500 001 000000361859 003 CaOOAMICUS 005 20250227105304.0 008 250226s2004 it 000 u ita r 020 $a88-7078-898-9 040 $aSeMil$bita 100 1 $aVirilio, Paul,$d<1932-2018>.$0(OLS)http://semarc/name/121564 240 10$aVille panique.$0(OLS)http://semarc/title/452671 245 10$aCittà panico :$bl'altrove comincia qui /$cPaul Virilio. 264 1$aMilano :$bCortina,$c2004. 300 $a129 p. ;$c20 cm 490 1 $aMinima ;$v74 650 4$aCittà - Sociologia.$0(OLS)http://semarc/subject/12874 830 0$aMinima ;$v74.$0(OLS)http://semarc/title/6338 850 $aSeMil 852 $aSeMil$W1$xVenegono$y1$m2G I 11$j254778$B252801$CSeMilBibl$Z2$F252801 $81 961 $aBuzzi mons. Franco - Omaggio 996 $6020$a88-7078-898-9$9(OLS)http://semarc/number/302575 996 $6245$aCittà panico :$bl'altrove comincia qui$9(OLS)http://semarc/title/452672 996 $6264$aMilano :$bCortina$9(OLS)http://semarc/publisher/43374